[Event "Catalunya-chT Gp1"]
[Site "Barcelona"]
[Date "2023.01.28"]
[Round "2.8"]
[White "Romero Calderon, Juan"]
[Black "Gonzalez Maza, Rafael"]
[Result "0-1"]
[WhiteElo "2100"]
[BlackElo "2152"]
[PlyCount "97"]
[EventDate "2023.01.21"]
[EventType "team-tourn"]
[EventRounds "7"]
[EventCountry "ESP"]
[SourceTitle "CBM 213 Extra"]
[Source "ChessBase"]
[SourceDate "2023.05.31"]
[SourceVersion "1"]
[SourceVersionDate "2023.05.31"]
[SourceQuality "1"]
[WhiteTeam "Sant Cugat"]
[BlackTeam "Andorra"]
[WhiteTeamCountry "ESP"]
[BlackTeamCountry "AND"]

1. d4 Nf6 2. Nf3 e6 3. e3 b6 4. c4 Bb7 5. Nc3 d5 6. Bd2 Nbd7 7. cxd5 exd5 8. Qa4 a6 9. Rc1 Bd6 10. Bd3 0-0 11. 0-0 Re8 12. Ne2 Qe7 13. Ng3 g6 14. Rfd1 Ne4 15. Be1 f5 16. Qb3 Rab8 17. Nd2 Kg7 18. Ndf1 c5 19. Bxe4 c4 20. Qc2 fxe4 21. b3 Rec8 22. Qe2 Ba3 23. Rc2 b5 24. Qg4 Kh8 25. bxc4 bxc4 26. Rb1 Bc6 27. Rxb8 Rxb8 28. f3 Ba4 29. Rf2 Bd1 30. Qf4 Bd6 31. Qh6 exf3 32. gxf3 Nf6 33. Qg5 Qe6 34. e4 Be7 35. Qf4 Rb1 36. Bc3 Ba4 37. Rb2 Rxb2 38. Bxb2 Bc6 39. Ne3 Kg8 40. e5 Ne8 41. Ng4 h5 42. Ne3 Kg7 43. Kg2 Qf7 44. Ne2 Qxf4 45. Nxf4 Nc7 46. Kg3 Bb4 47. Ne2 Ne6 48. Nc2 Be7 49. Bc3 0-1